Responses for Show #188 - Wednesday, May 29, 1985

Nathan Walpow game 4.

Contestants

[<< previous game]

Sean Stewart, a microcomputer consultant from Canoga Park, California

Doug Vaughn, a certified public accountant from Fort Worth, Texas

Nathan Walpow, a data processor originally from Queens, New York (whose 3-day cash winnings total $26,300)

[next game >>]

Jeopardy! Round responses

CORPORATE AMERICA
ARCHERY
ETIQUETTE
"BARBARA"s
LANDMARKS
DOUBLE TALK
    $100 4
General Motors

Doug
    $100 6
feathers

Doug
    $100 7
fox hunting

Sean
    $100 2
Santa Barbara

Nathan
    $100 11
the Louvre

Nathan
    $100 1
(Doug: What is the double rumba?)
(Sean: What is the samba?)
(Nathan: What is the two-step?)

the cha-cha

NathanDougSean
Triple Stumper
    $200 5
(Doug: [No response])

Coleco

NathanDoug
    $200 13
the bow string

Sean
    $200 8
the left side

Sean
    $200 3
(Doug: Who is Barbra Streisand?)
(Nathan: Who is Barbara Tarnower?)

Barbara Woodhouse

NathanDougSean
    $200 15
Yellowstone National Park

Sean
    $500 12
"Bang Bang"

Nathan
    $300 14
Iacocca

Doug
    $300 9
a thank you note

Sean
    $300 23
"Barbara Ann"

Doug
    $300 18
Manhattan

Doug
    $300 19
(Nathan: What is, um...)
...
(Alex: Less than a minute to go.)

The Bobo

Nathan
Triple Stumper
    $400 16
(Nathan: What is... oh...)
[Nathan's microphone is temporarily muted as the audience laughs.]
(Alex: That is... incorrect.)
...
(Alex: Nathan, you will, of course, reply to all the mail that will come in.)

Black & Decker

NathanSean
    $400 10
speak to you first

Nathan
    $400 24
(Sean: Who was Barbara...)

Barbara Marx

DougSean
    $400 22
Michigan

Nathan
    $400 20
(Sean: [No response])

Pago Pago

DougSean
    $500 17
(Doug: What is get married?)
...
(Alex: They offered a free trip to people who would get up and [*]. Notice that we're kind of vague. We didn't say how they would [*].)

"entertain" the passengers

Doug
Triple Stumper
    $500 25
[The end-of-round signal sounds.]

Barbara Tuchman

Nathan
    $500 21
Toto

Sean

Scores at the first commercial break (after clue 12):

Nathan Doug Sean
$1,000 -$300 $700

Scores at the end of the Jeopardy! Round:

Nathan Doug Sean
$1,200 $900 $1,200

Double Jeopardy! Round responses

PHYSICAL SCIENCE
BOOKS & AUTHORS
RELIGION
PRESIDENTIAL TRIVIA
CLASSICAL MUSIC
GROUCHO
    $200 5
speed

Doug
    $200 10
poetry

Doug
    $200 1
the Black Muslims (Nation of Islam)

Sean
    $200 3
Lyndon Johnson

Nathan
    $200 19
the timpani (or kettledrum)

Sean
    $200 6
A Day at the Races

Doug
    $400 11
condensation

Sean
    $400 14
Sinclair

Nathan
    $400 2
(Sean: Who are the Mormons?)

the Seventh-Day Adventists

NathanSean
    $900 4
(Nathan: What are dentures?)
[Laughter]
(Alex: Well, that's not bad. That's a reasonable guess. The correct question is, what are [*]? What are [*]? Apparently, Rutherford B. Hayes is the only one. But nice that you thought of—nice that you were thinking of George Washington and all of the other presidents who followed him with wooden or ivory teeth. Nathan, go ahead.)
(Nathan: I'm not sure I want to after that.)

eyeglasses

Nathan
    $400 25
Strauss

Doug
    $400 7
(Sean: [No response])

The Mikado

Sean
Triple Stumper
    $600 16
(Doug: What is proton?)

an ion

NathanDoug
    $600 15
Thomas Wolfe

Nathan
    $600 20
(Sean: What is Maine?)
(Nathan: What is Massachusetts?)

Rhode Island

NathanSean
Triple Stumper
    $600 9
(Alex: He didn't want to be associated with anything having to do with elephants.)

Dumbo (the Elephant)

Nathan
    $600 26
(Sean: Who was Freda Popov?)

Tchaikovsky

Sean
Triple Stumper
    $600 8
(Nathan: What is Captain, um, um, uh, Staunton, Glosson?)

Captain Spalding

NathanSean
    $1,000 17
6

Nathan
    $800 23
(Sean: I don't know.)

Robert Louis Stevenson

Sean
Triple Stumper
    $800 21
Iran

Sean
    $800 12
(Nathan: Who is Gerald Ford?)

Dwight Eisenhower

NathanSean
    $800 28
1

Triple Stumper
    $800 24
(Alex: We've got less than a minute to go in this round.)

George Fenneman

Nathan
    $1000 18
Archimedes

Nathan
    $1000 22
the U.S. Embassy

Sean
    $1000 13
Abraham Lincoln

Doug
    $1000 29
[The end-of-round signal sounds.]

ballets

Triple Stumper
    $1000 27
Lydia, the tattooed lady

Triple Stumper

Scores at the end of the Double Jeopardy! Round:

Nathan Doug Sean
$3,900 $2,300 $2,400

[wagering suggestions for these scores]

Final Jeopardy! Round responses

U.S. GEOGRAPHY
DougWhat are Ariz and Oklahoma
$2,200
SeanWhat are New Mexico and Nevada
$2,000
NathanWhat are New Mexico + Arizona?
$1,000
(2 of) Arizona, Oklahoma & New Mexico

Final scores:

Nathan Doug Sean
$4,900 $4,500 $400
4-day champion: $31,200 2nd place: Pinseeker golf clubs + Serengeti Drivers sunglasses 3rd place: Team KangaROOS fashion ensemble

Game dynamics:

Coryat scores:

Nathan Doug Sean
$4,300 $2,300 $2,400
16 R
(including 2 DDs),
8 W
(including 1 DD)
12 R,
5 W
15 R,
8 W

Combined Coryat: $9,000

[game clues] [game scores] [suggest correction]

Game tape date: 1985-01-24
The J! Archive is created by fans, for fans. Scraping, republication, monetization, and malicious use prohibited; this site may use cookies and collect identifying information. See terms. The Jeopardy! game show and all elements thereof, including but not limited to copyright and trademark thereto, are the property of Jeopardy Productions, Inc. and are protected under law. This website is not affiliated with, sponsored by, or operated by Jeopardy Productions, Inc. Join the discussion at JBoard.tv.